Graphing calculator manual : algebra and trigonometry, graphs & models and precalculus; graphs & models (Record no. 30598)

MARC details
000 -LEADER
fixed length control field 00578nam a2200193Ia 4500
020 ## - INTERNATIONAL STANDARD BOOK NUMBER
ISBN 9780321531988
050 ## - CALL MARK
Classification number QA 20.C34 P466/
100 ## - STATEMENT OF RESPONSIBILITY--MAIN AUTHOR NAME
Personal name Penna, Judith A.
245 #0 - TITLE STATEMENT
Title Graphing calculator manual : algebra and trigonometry, graphs & models and precalculus; graphs & models
250 ## - EDITION / VOLUME STATEMENT
Edition / Volume statement 4th ed.
260 ## - PUBLICATION, DISTRIBUTION, ETC. (IMPRINT)
Place of publication Boston
260 ## - PUBLICATION, DISTRIBUTION, ETC. (IMPRINT)
Name of publisher Addison Wesley
260 ## - PUBLICATION, DISTRIBUTION, ETC. (IMPRINT)
Year of publication 2009
300 ## - PHYSICAL DESCRIPTION
Number of Pages 145 p
650 ## - SUBJECT ADDED ENTRY--TOPICAL TERM
Topical Term Algebra. Algebra_Graphic methods. Trigonometry. Graphic calculators.
942 ## - ADDED ENTRY ELEMENTS (KOHA)
Koha item type Books
Holdings
Withdrawn status Lost status Source of classification or shelving scheme Damaged status Not for loan Permanent Location Current Location Date acquired Accession Number Price effective from Koha item type
    Library of Congress Classification     NILE UNIVERSITY OF NIGERIA - MAIN LIBRARY NILE UNIVERSITY OF NIGERIA - MAIN LIBRARY 04/23/2025 0006622 04/23/2025 Books